LEADER 01042nam a2200253 i 4500 001 000000037390 003 CaOOAMICUS 005 20041229000000.0 008 041229s1938 it u000 u ita u 013 $a7648 040 $aSeMil$bita 100 1 $aGiannelli, Giulio,$d<1889-1980>.$0(OLS)http://semarc/name/6556 245 10$aRoma nell'età delle guerre puniche /$cdi Giulio Giannelli. 260 $aBologna :$bCappelli,$ccopyr. 1938. 300 $a370 p., [30] c. di tav., [1] c. di tav. ripieg. ;$c25 cm. 490 0 $aStoria di Roma ;$vVolume2. 500 $aIn testa al front. : Istituto di studi romani. - Fondo Card. C.M. Martini. 830 0$aStoria di Roma ;$vVolume2.$0(OLS)http://semarc/title/209 850 $aSeMil 852 $aSeMil$W1$xVenegono$y1$m3S IV 202$j3545$B3545$CSeMilBibl$Z2$F3545 $81 941 1 $a4 961 $aOmaggio: Martini Card. Carlo Maria 996 $6245$aRoma nell'età delle guerre puniche$9(OLS)http://semarc/title/52310 996 $6260$aBologna :$bCappelli$9(OLS)http://semarc/publisher/29689 LEADER 00992nam a2200253 i 4500 001 000000086948 003 CaOOAMICUS 005 20180830150015.0 008 180830s1953 xx u000 u und u 013 $a59188 020 $a88-17- 040 $aSeMil$bita 100 1 $aMarcus Aurelius Antoninus .$0(OLS)http://semarc/name/29786 245 10$aColloqui con se stesso (ricordi e pensieri) 260 $aMilano :$bRizzoli,$c1953. 300 $a227 p. 490 0 $aBiblioteca Universale Rizzoli 650 4$aAutobiografie.$0(OLS)http://semarc/subject/2396 830 0$aBiblioteca Universale Rizzoli.$0(OLS)http://semarc/title/7348 850 $aSeMil 852 $aSeMil$W1$xVenegono$y1$m78 12 579 *$j50561$B50561$CSeMilBibl$Z2$F54547 $81 996 $6020$a88-17-$9(OLS)http://semarc/number/67043 996 $6245$aColloqui con se stesso (ricordi e pensieri)$9(OLS)http://semarc/title/133130 996 $6260$aMilano :$bRizzoli$9(OLS)http://semarc/publisher/29824